Click the Capitals: U-V Quiz Stats

 Plays Quiz Updated Feb 26, 2018

Challenge
Share
Tweet
Score 0/8 Timer 02:00
1 Play Today
% Correct
Vatican City
96.4%
Ulaanbaatar
91%
Victoria
90.8%
Vilnius
88.8%
Vienna
84.7%
Vientiane
83.6%
Valletta
83.4%
Vaduz
77.6%

You're not logged in!

Compare scores with friends on all Sporcle quizzes.
Join for Free
OR
Log In

You Might Also Like...

Show Comments

Extras

Top Quizzes Today


Score Distribution

Your Account Isn't Verified!

In order to create a playlist on Sporcle, you need to verify the email address you used during registration. Go to your Sporcle Settings to finish the process.

Report this User

Report this user for behavior that violates our Community Guidelines.

Details: